|
|
|
|
| LEADER |
00000nam0a2200000 4500 |
| 001 |
323485 |
| 005 |
20231102003556.0 |
| 035 |
|
|
|a (RuTPU)RU\TPU\book\349072
|
| 090 |
|
|
|a 323485
|
| 100 |
|
|
|a 20161020d1975 km y0rusy50 ca
|
| 101 |
0 |
|
|a rus
|
| 102 |
|
|
|a RU
|
| 105 |
|
|
|a a z 001zy
|
| 200 |
1 |
|
|a Современные проблемы химии карбониевых ионов
|f Академия наук СССР (АН СССР), Сибирское отделение (СО), Новосибирский институт органической химии ; отв. ред. В. А. Коптюг
|
| 210 |
|
|
|a Новосибирск
|c Наука
|d 1975
|
| 215 |
|
|
|a 412 с.
|c ил.
|
| 320 |
|
|
|a Библиогр.: с. 402-411
|
| 606 |
1 |
|
|a Карбониевые ионы
|2 stltpush
|3 (RuTPU)RU\TPU\subj\75729
|9 87374
|
| 610 |
1 |
|
|a аренониевые ионы
|
| 610 |
1 |
|
|a строение
|
| 610 |
1 |
|
|a реакционная способность
|
| 610 |
1 |
|
|a перегруппировки
|
| 610 |
1 |
|
|a карбокатионы
|
| 675 |
|
|
|a 547-1
|v 4
|
| 702 |
|
1 |
|a Коптюг
|b В. А.
|4 340
|
| 712 |
0 |
2 |
|a Академия наук СССР (АН СССР)
|b Сибирское отделение (СО)
|b Новосибирский институт органической химии
|2 stltpush
|3 (RuTPU)RU\TPU\col\13404
|
| 801 |
|
1 |
|a RU
|b 63413507
|c 20161020
|
| 801 |
|
2 |
|a RU
|b 63413507
|c 20200128
|g RCR
|
| 942 |
|
|
|c BK
|